[Event "NOR-ch Class4"]
[Site "Lillehammer"]
[Date "2013.06.29"]
[Round "6"]
[White "Balas, Georg"]
[Black "Robertsen, Per Nicolai"]
[Result "1-0"]
[WhiteElo "1171"]
[BlackElo "1222"]
[PlyCount "93"]
[EventDate "2013.06.29"]
[EventType "swiss"]
[EventRounds "9"]
[EventCountry "NOR"]
[SourceTitle "EXT 2017"]
[Source "ChessBase"]
[SourceDate "2016.10.25"]
[SourceVersion "1"]
[SourceVersionDate "2016.10.25"]
[SourceQuality "1"]

1. d4 d5 2. c4 c6 3. Nc3 Nf6 4. Nf3 Bg4 5. e3 e6 6. cxd5 Nxd5 7. a3 Bd6 8. Be2 0-0 9. 0-0 Qc7 10. h3 Bh5 11. e4 Nf4 12. e5 Nxe2+ 13. Qxe2 Be7 14. g4 Bg6 15. h4 h6 16. h5 Bh7 17. Kg2 Nd7 18. Rg1 Nb6 19. g5 Rad8 20. gxh6 g6 21. Ne4 c5 22. dxc5 Bxc5 23. Nf6+ Kh8 24. Ng5 Rd5 25. Nxd5 Nxd5 26. Bd2 a6 27. Rac1 Qc6 28. Kh2 Qb6 29. Ne4 Be7 30. Bg5 Bxg5 31. Nxg5 Nf4 32. Qf3 Nxh5 33. b4 f5 34. exf6 Rxf6 35. Rc8+ Bg8 36. h7 Qxf2+ 37. Qxf2 Rxf2+ 38. Rg2 Rxg2+ 39. Kxg2 Nf6 40. hxg8Q+ Nxg8 41. Nxe6 Kh7 42. Rc7+ Kh6 43. Rxb7 Nf6 44. Rb6 g5 45. Rxa6 Kh5 46. Nxg5 Kxg5 47. b5 1-0